Statistics for 小田急バスの行先

Click here to take the quiz!

General Stats

  • This quiz has been taken 37 times
  • The average score is 43 of 108

Answer Stats

自治体名行先% Correct
渋谷区渋谷駅
90%
三鷹市三鷹駅
90%
新宿区新宿駅西口
87%
武蔵野市吉祥寺駅
84%
調布市調布駅北口
84%
川崎市新百合ヶ丘駅
81%
調布市調布駅南口
81%
狛江市狛江駅北口
74%
川崎市向ヶ丘遊園駅
71%
川崎市よみうりランド
71%
小金井市武蔵小金井駅南口
71%
横浜市あざみ野駅
68%
町田市鶴川駅
68%
稲城市稲城駅
68%
武蔵野市武蔵境駅南口
65%
世田谷区経堂駅
65%
世田谷区二子玉川駅
58%
狛江市狛江駅南口
58%
狛江市狛江営業所
58%
川崎市柿生駅北口
58%
調布市仙川
58%
調布市深大寺
58%
稲城市若葉台駅
58%
世田谷区千歳烏山駅北口
58%
川崎市稲田堤
55%
横浜市たまプラーザ駅
55%
世田谷区梅ヶ丘駅
55%
武蔵野市武蔵境駅北口
52%
世田谷区千歳烏山駅南口
52%
川崎市百合ヶ丘駅
52%
世田谷区千歳船橋駅
52%
横浜市こどもの国
48%
川崎市生田折返場
48%
川崎市登戸営業所
48%
世田谷区若林営業所
45%
調布市国領駅
45%
調布市仙川駅
45%
世田谷区三軒茶屋
45%
川崎市柿生駅南口
42%
川崎市聖マリアンナ医科大学
42%
調布市つつじヶ丘駅南口
42%
横浜市市が尾駅
42%
世田谷区喜多見駅
42%
三鷹市三鷹台駅
42%
川崎市黒川
39%
武蔵野市武蔵境営業所
39%
府中市車返団地
39%
府中市榊原記念病院
39%
調布市調布飛行場
39%
稲城市京王よみうりランド駅
35%
川崎市専修大学前
35%
稲城市稲城市立病院
35%
府中市多磨駅
35%
川崎市鷺沼駅
35%
横浜市奈良北団地
35%
世田谷区北沢タウンホール
35%
武蔵野市吉祥寺駅中央口
32%
横浜市桐蔭学園
32%
武蔵野市吉祥寺営業所前
32%
世田谷区駒沢陸橋
32%
川崎市大谷
32%
川崎市城下
32%
三鷹市杏林大学病院前
32%
町田市鶴川団地
32%
三鷹市大沢
32%
世田谷区成城学園駅西口
32%
狛江市慈恵医大第三病院
32%
小金井市新小金井駅
32%
稲城市矢野口駅
29%
三鷹市国際基督教大学
29%
調布市野ヶ谷
29%
川崎市千代ヶ丘
29%
府中市朝日町三丁目
29%
調布市神代植物公園
29%
川崎市西菅団地
29%
稲城市長峰
29%
世田谷区八幡山駅
29%
世田谷区希望ヶ丘団地
29%
横浜市三菱ケミカル前
29%
世田谷区宇奈根
26%
川崎市寺尾台団地
26%
川崎市田園調布学園大学
26%
川崎市向原
26%
川崎市明治大学正門
26%
三鷹市北野
26%
川崎市専修大学9号館
26%
世田谷区成城学園駅南口
23%
三鷹市新川団地中央
23%
調布市晃華学園東
23%
三鷹市
23%
三鷹市明星学園前
23%
調布市多摩川住宅中央
19%
稲城市駒澤学園
19%
町田市真光寺公園
19%
三鷹市野崎
19%
世田谷区喜多見住宅
16%
三鷹市大沢十字路
16%
横浜市鴨志田団地
16%
川崎市新百合ヶ丘総合病院
13%
三鷹市杏林大学井の頭キャンパス
13%
三鷹市下本宿
13%
狛江市狛江ハイタウン折返場
13%
武蔵野市桜堤上水端「hocco」
13%
調布市NTT中央研修センター
13%
川崎市しんゆりグリーンタウン
10%
三鷹市牟礼団地・三鷹イースト前
6%
町田市鶴川三輪緑山住宅
6%
三鷹市吉野南
3%

Score Distribution

Percentile by Number Answered

Percent of People with Each Score

Your Score History

You have not taken this quiz